000 00389nam a2200145 a 4500
008 110217s2008|||| d
100 1 _aKuras Benjamin
245 1 0 _aZakázané ovoce vědění
_bHypnotická regrese a progrese
260 _bEminent
_c2008
_aPraha
020 _c11,42
_a978-80-7281-341-4
044 _axo
_cSK
041 _aslo
250 _a1. vydanie
300 _a150 s.
999 _c17485
_d17485